| 000 | 00933naa a22002537u 4500 | ||
|---|---|---|---|
| 001 | 07095 | ||
| 003 | HDC | ||
| 007 | cr bn ---aaaaa | ||
| 008 | 210126s1994 ilu a eng | ||
| 040 | _aHDC | ||
| 245 | 0 |
_aProceedings of the World Conference on Lauric Oils: Sources, Processing, and Applications : _bPotential Sources of Lauric Oils for the Oleochemical Industry / _cby N. Rajanaidu and B. S. Jalani |
|
| 260 |
_aChampaign, Illinois : _bAOCS Press, _c1994 |
||
| 300 | _a4 pages | ||
| 336 |
_atext _2rdacontent |
||
| 337 |
_acomputer _2rdamedia |
||
| 338 |
_aonline resource _2rdacarrier |
||
| 500 | _aOriginal from book | ||
| 650 |
_aCoconut oil _97584 |
||
| 650 |
_aPalm oil _9212 |
||
| 856 | _zRequest full-text at [email protected] | ||
| 942 | _2lcc | ||
| 942 | _cCHAP | ||
| 942 | _kEBCH 000480 | ||
| 999 |
_c4419 _d4419 |
||